| 000 | 00532nam a2200133Ia 4500 | ||
|---|---|---|---|
| 008 | 170221s9999 xx 000 0 und d | ||
| 100 | _aChelsey Huso | ||
| 245 | _aTo Show, or Not To Show—That Was the Question: A Discussion Regarding the First Amendment Issues Implicated By the Sony Pictures Entertainment Cyberhack & the Interview Debacle | ||
| 245 | _cChelsey Huso | ||
| 260 | _c2016 | ||
| 300 | _a15 : 16 | ||
| 650 | _xBusiness | ||
| 856 | _uhttp://digitalcommons.pepperdine.edu/cgi/viewcontent.cgi?article=1143&context=jbel | ||
| 999 |
_c311766 _d311766 |
||